Atypical employment in the EC
Αποθηκεύτηκε σε:
| Κύριος συγγραφέας: | |
|---|---|
| Άλλοι συγγραφείς: | , |
| Μορφή: | Βιβλίο |
| Γλώσσα: | English |
| Δημοσίευση: |
Aldershot :
Dartmouth,
c1994
|
| Θέματα: | |
| Ετικέτες: |
Προσθήκη ετικέτας
Δεν υπάρχουν, Καταχωρήστε ετικέτα πρώτοι!
|
MARC
| LEADER | 00000nam a2200000 i 4500 | ||
|---|---|---|---|
| 001 | 1/93043 | ||
| 008 | 991118s1994 eng d | ||
| 020 | |a 1-85521-426-1 | ||
| 035 | |l 10054270 | ||
| 040 | |a GR-MY-UA |b gre |e aacr | ||
| 041 | 0 | |a eng | |
| 082 | 0 | |a 331.2 | |
| 100 | 1 | |a Meulders, Daniele. | |
| 245 | 1 | 0 | |a Atypical employment in the EC / |c Daniele Meulders, Oliver Plasman and Robert Plasman |
| 260 | |a Aldershot : |b Dartmouth, |c c1994 | ||
| 300 | |a 256 p. | ||
| 504 | |a Includes bibliographical references | ||
| 650 | 0 | 0 | |a Women |x Employment |z European Economic Community countries. |
| 650 | 0 | 0 | |a Part-time employment |z European Economic Community countries. |
| 650 | 0 | 0 | |a Hours of labor, Flexible |z European Economic Community countries. |
| 650 | 0 | 0 | |a Job creation |z European Economic Community countries. |
| 700 | 1 | |a Plasman, Olivier. | |
| 700 | 1 | |a Plasman, Robert. | |
| 852 | |a INST |b LESVOS |e 19991118 |h 331.2 MEU |p 005100022106 |q 005100022106 |t BK |y 0 | ||
| 901 | |a BIBL1-2000-1 | ||
| 909 | |a Λ |b 069772 | ||
| 922 | |a 1ΕΛΗ |b 199910 |c ΚΠΣ/ΤΚ |d ΠΑΠΑΣΩΤΗΡΙΟΥ | ||
| 950 | |a 103-1998-07-27 | ||
| 970 | |a ΤΖΑΦΕΡΗ |b ΕΥΑΓΓΕΛΙΑ |z 2000/01/24 | ||